[Event "New Delhi Parsvnath op 4th"]
[Site "New Delhi"]
[Date "2006.01.15"]
[Round "1"]
[White "Mohota, Nisha"]
[Black "Sunil, Garg"]
[Result "1-0"]
[WhiteElo "2318"]
[BlackElo "1818"]
[PlyCount "81"]
[EventDate "2006.01.15"]
[EventType "swiss"]
[EventRounds "10"]
[EventCountry "IND"]
[SourceTitle "CBM 110 Extra"]
[Source "ChessBase"]
[SourceDate "2006.03.10"]
[SourceVersion "2"]
[SourceVersionDate "2006.03.10"]
[SourceQuality "1"]

1. d4 Nf6 2. c4 g6 3. Nc3 Bg7 4. e4 d6 5. Nf3 0-0 6. Be2 Nc6 7. d5 Nb4 8. 0-0 c5 9. a3 Na6 10. h3 Nc7 11. Rb1 a5 12. Qc2 Bd7 13. b4 axb4 14. axb4 b6 15. b5 Nfe8 16. Bd3 f5 17. exf5 Bxf5 18. Bxf5 Rxf5 19. Na4 Rb8 20. Re1 Nf6 21. Qe2 Nd7 22. Qxe7 Qxe7 23. Rxe7 Rf7 24. Rxf7 Kxf7 25. Bf4 Ne5 26. Bxe5 Bxe5 27. Nxe5+ dxe5 28. Re1 Kf6 29. g3 g5 30. Nc3 Rd8 31. Ne4+ Kf5 32. g4+ Kg6 33. Nd2 Nxb5 34. cxb5 Rxd5 35. Nc4 Rd4 36. Nxb6 Rb4 37. Rxe5 Rxb5 38. Nd7 Rb1+ 39. Kg2 c4 40. Rc5 Rc1 41. Rxc4 1-0